<?xml version="1.0" encoding="UTF-8"?>
<record
    xmlns:xsi="http://www.w3.org/2001/XMLSchema-instance"
    xsi:schemaLocation="http://www.loc.gov/MARC21/slim http://www.loc.gov/standards/marcxml/schema/MARC21slim.xsd"
    xmlns="http://www.loc.gov/MARC21/slim">

  <leader>00893nam0a2200241   4500</leader>
  <controlfield tag="001">RU\NLR\BIBL_A\011221099</controlfield>
  <controlfield tag="005">20260405165445.0</controlfield>
  <datafield tag="035" ind1=" " ind2=" ">
    <subfield code="a">(NLR Aleph) 011221099</subfield>
  </datafield>
  <datafield tag="090" ind1=" " ind2=" ">
    <subfield code="a">12025427</subfield>
    <subfield code="c">12025427</subfield>
  </datafield>
  <datafield tag="100" ind1=" " ind2=" ">
    <subfield code="a">20160929d1937    |||y0rusy50      ca</subfield>
  </datafield>
  <datafield tag="101" ind1="1" ind2=" ">
    <subfield code="a">chv</subfield>
    <subfield code="c">tat</subfield>
  </datafield>
  <datafield tag="102" ind1=" " ind2=" ">
    <subfield code="a">RU</subfield>
  </datafield>
  <datafield tag="105" ind1=" " ind2=" ">
    <subfield code="a">y   z   000 y</subfield>
  </datafield>
  <datafield tag="200" ind1="1" ind2=" ">
    <subfield code="a">&#x421;&#x435;&#x43D;&#x43A;&#x435;&#x440; &#x448;&#x435;&#x43B;</subfield>
    <subfield code="e">&#x43F;&#x438;&#x43B;&#x435;&#x43A; &#x43F;&#x430;&#x439;&#x43B;&#x430; &#x43C;&#x435;&#x43B;&#x43E;&#x434;&#x440;&#x430;&#x43C;&#x430;</subfield>
    <subfield code="f">&#x41A;&#x435;&#x440;&#x438;&#x43C; &#x422;&#x435;&#x43D;&#x447;&#x443;&#x440;&#x438;&#x43D; (!)</subfield>
    <subfield code="g">&#x442;&#x443;&#x442;&#x430;&#x440;. &#x41C;&#x438;&#x445;. &#x411;&#x435;&#x43B;&#x43E;&#x432; &#x43A;&#x443;&#x4AB;.</subfield>
  </datafield>
  <datafield tag="210" ind1=" " ind2=" ">
    <subfield code="a">&#x428;&#x443;&#x43F;&#x430;&#x448;&#x43A;&#x430;&#x440;</subfield>
    <subfield code="c">&#x427;&#x4D1;&#x432;&#x430;&#x448;. &#x43F;&#x430;&#x442;&#x448;&#x430;&#x43B;&#x4D1;&#x445; &#x438;&#x437;&#x434;-&#x432;&#x438;</subfield>
    <subfield code="d">1937</subfield>
  </datafield>
  <datafield tag="215" ind1=" " ind2=" ">
    <subfield code="a">106, [1] &#x441;.</subfield>
    <subfield code="d">15</subfield>
  </datafield>
  <datafield tag="541" ind1="1" ind2=" ">
    <subfield code="a">&#x413;&#x43E;&#x43B;&#x443;&#x431;&#x430;&#x44F; &#x448;&#x430;&#x43B;&#x44C;</subfield>
    <subfield code="z">rus</subfield>
  </datafield>
  <datafield tag="686" ind1="1" ind2=" ">
    <subfield code="a">&#x428;6(2=&#x427;&#x443;&#x432;)-91&#x422;&#x430;&#x442;7-6</subfield>
  </datafield>
  <datafield tag="700" ind1=" " ind2="1">
    <subfield code="4">070</subfield>
    <subfield code="8">rus</subfield>
    <subfield code="7">ca</subfield>
    <subfield code="a">&#x422;&#x438;&#x43D;&#x447;&#x443;&#x440;&#x438;&#x43D;</subfield>
    <subfield code="b">&#x41A;. &#x413;.</subfield>
    <subfield code="f">1887-1938</subfield>
    <subfield code="g">&#x41A;&#x430;&#x440;&#x438;&#x43C; &#x413;&#x430;&#x43B;&#x438;&#x435;&#x432;&#x438;&#x447;</subfield>
    <subfield code="3">RU\NLR\AUTH\7771364</subfield>
    <subfield code="9">54292</subfield>
  </datafield>
  <datafield tag="852" ind1=" " ind2=" ">
    <subfield code="a">NLR</subfield>
    <subfield code="b">&#x41E;&#x41D;&#x41B;</subfield>
    <subfield code="j">&#x427;&#x443;&#x432;./1-21</subfield>
  </datafield>
  <datafield tag="942" ind1=" " ind2=" ">
    <subfield code="c">BOOK</subfield>
  </datafield>
  <datafield tag="980" ind1=" " ind2=" ">
    <subfield code="a">NB</subfield>
  </datafield>
  <datafield tag="995" ind1=" " ind2=" ">
    <subfield code="5">2016-09-29</subfield>
    <subfield code="b">NLR01</subfield>
    <subfield code="c">NLR01</subfield>
    <subfield code="e">ONL</subfield>
    <subfield code="f">1-1432918</subfield>
    <subfield code="k">&#x41E;&#x41D;&#x41B; &#x427;&#x443;&#x432;./1-21</subfield>
    <subfield code="o">0</subfield>
    <subfield code="r">BOOK</subfield>
    <subfield code="s">_121</subfield>
  </datafield>
</record>
